000 00509nam a2200193Ia 4500
005 20240423150632.0
008 131103s9999 xx 000 0 und d
040 _aLoreto College
041 _aEnglish
082 _a371.1
_bLAW
245 _aFriedrich Froebel and English Education
_cEdited by Evelyn Lawrence
260 _aLondon
_bRoutledge
_c1961
300 _a248p.
_b ill.
504 _aIncludes index
650 _aEducation
700 _aLawrence, Evelyn; ed.
850 _aLCBED
942 _cBK
999 _c25949
_d76428